| Поле | Название | Значение |
| |
Тип записи |
a |
| |
Библиографический уровень |
m |
| 001 |
Контрольный номер |
6858cccc3280487983dd13514c7d1e8e |
| 005 |
Дата корректировки |
20140909094044.8 |
| 010 |
Индекс ISBN |
__ |
| a |
ISBN |
5-7866-0057-2 |
| 200 |
Заглавие и сведения об ответственности |
1_ |
| a |
Заглавие |
Экономика труда |
| e |
Сведения, относящиеся к заглавию |
Учебник для вузов |
| f |
Первые сведения об ответственности |
В.В.Адамчук, Ю.П.Кокин,Р.А.Яковлев; Под ред.В.В.Адамчука |
| f |
Первые сведения об ответственности |
Адамчук Виталий Владимирович и др.Кокин Юрий ПетровичЯковлев Роберт Андреевич |
| 210 |
Выходные данные |
1_ |
| a |
Место издания |
М. |
| c |
Издательство |
Финстатинформ |
| d |
Дата издания |
1999 |
| 215 |
Физическое описание |
__ |
| a |
Объем |
431 с. |
| 300 |
Общие примечания |
__ |
| a |
Общие примечания |
2 экз. |
| 610 |
Ключевые слова |
0_ |
| a |
Ключевые слова |
экономика труда |
| 610 |
Ключевые слова |
0_ |
| a |
Ключевые слова |
рынок труда |
| 610 |
Ключевые слова |
0_ |
| a |
Ключевые слова |
оплата труда |
| 610 |
Ключевые слова |
0_ |
| a |
Ключевые слова |
производительность труда |
| 686 |
Индексы других классификаций |
__ |
| a |
Классификационный индекс |
65.9(2)24 |
| 2 |
Код системы |
rubbk |
| 686 |
Индексы других классификаций |
__ |
| a |
Классификационный индекс |
65.9(2)24я73 |
| 2 |
Код системы |
rubbk |
| 701 |
Альтернативная интеллектуальная ответственность |
_1 |
| a |
Фамилия |
Адамчук Виталий Владимирович и др. |
| 701 |
Альтернативная интеллектуальная ответственность |
_1 |
| a |
Фамилия |
Кокин Юрий Петрович |
| 701 |
Альтернативная интеллектуальная ответственность |
_1 |
| a |
Фамилия |
Яковлев Роберт Андреевич |
| 801 |
Источник записи |
_0 |
| a |
Страна |
RU |
| b |
Организация |
РУК |
| c |
Дата составления |
20000204 |
| g |
Правила каталогизации |
PSBO |
| 801 |
Источник записи |
_1 |
| a |
Страна |
RU |
| b |
Организация |
РУК |
| c |
Дата составления |
20000204 |
| g |
Правила каталогизации |
PSBO |
| 852 |
Данные о местонахождении |
__ |
| i |
Авторский знак |
А 28 |
| j |
Шифр хранения |
ББК 65.9(2)24 |
| 901 |
Тип документа |
__ |
| t |
Тип документа |
m |
| 938 |
Служебная информация |
__ |
| a |
Название организации |
Головной вуз |
| b |
Имя БД |
BOOK |
| c |
Название АИБС |
АИБС ИРБИС |